Improving mental health therapies for autistic children and young people : (Record no. 367571)
[ view plain ]
| 000 -LEADER | |
|---|---|
| fixed length control field | 00748nam a22001937a 4500 |
| 003 - CONTROL NUMBER IDENTIFIER | |
| control field | 0 |
| 005 - DATE AND TIME OF LATEST TRANSACTION | |
| control field | 20250822133112.0 |
| 008 - FIXED-LENGTH DATA ELEMENTS--GENERAL INFORMATION | |
| fixed length control field | 250822b xxu||||| |||| 00| 0 eng d |
| 020 ## - INTERNATIONAL STANDARD BOOK NUMBER | |
| International Standard Book Number | 978-1-032-37252-5 |
| 050 ## - LIBRARY OF CONGRESS CALL NUMBER | |
| Classification number | RJ 506.A9 |
| Item number | .I47 2025 |
| 245 ## - TITLE STATEMENT | |
| Title | Improving mental health therapies for autistic children and young people : |
| Remainder of title | promoting self-agency, curiosity and collaboration / |
| Statement of responsibility, etc | edited by Georgia Pavlopoulou with Laura Crane, Russell Hurn and Damian Milton. |
| 260 ## - PUBLICATION, DISTRIBUTION, ETC. (IMPRINT) | |
| Place of publication, distribution, etc | New York, NY : |
| Name of publisher, distributor, etc | Routledge, |
| Date of publication, distribution, etc | 2025. |
| 300 ## - PHYSICAL DESCRIPTION | |
| Extent | xxix, 214 pages : |
| Other physical details | illustrations ; |
| Dimensions | 22 cm. |
| 504 ## - BIBLIOGRAPHY, ETC. NOTE | |
| Bibliography, etc | Includes bibliographical references and index. |
| 650 ## - SUBJECT ADDED ENTRY--TOPICAL TERM | |
| Topical term or geographic name as entry element | Autism Spectrum Disorder |
| General subdivision | therapy. |
| 650 ## - SUBJECT ADDED ENTRY--TOPICAL TERM | |
| Topical term or geographic name as entry element | Child. |
| 650 ## - SUBJECT ADDED ENTRY--TOPICAL TERM | |
| Topical term or geographic name as entry element | Adolescent. |
| 942 ## - ADDED ENTRY ELEMENTS (KOHA) | |
| Source of classification or shelving scheme | Library of Congress Classification |
| Koha item type | Books |
| Withdrawn status | Lost status | Source of classification or shelving scheme | Damaged status | Home library | Current library | Shelving location | Date acquired | Source of acquisition | Sub Shelving location | Total Checkouts | Full call number | Barcode | Date last seen | Price effective from | Koha item type |
|---|---|---|---|---|---|---|---|---|---|---|---|---|---|---|---|
| Library of Congress Classification | College Library | College Library | Reserve Section | 06/04/2025 | Library Fund | RJ 506.A9 .I47 2025 | C24695 | 08/22/2025 | 08/22/2025 | Books |